Zuhayr ibn Abī Sulmá (Record no. 47034)

MARC details
000 -LEADER
fixed length control field 00735cam a22002531 4500
001 - CONTROL NUMBER
control field ne 64001246
003 - CONTROL NUMBER IDENTIFIER
control field DLC
005 - DATE AND TIME OF LATEST TRANSACTION
control field 20260227111800.0
008 - FIXED-LENGTH DATA ELEMENTS--GENERAL INFORMATION
fixed length control field 890922s1962 le b 000 0 ara c
010 ## - LIBRARY OF CONGRESS CONTROL NUMBER
LC control number ne 64001246
025 ## - OVERSEAS ACQUISITION NUMBER
Overseas acquisition number PL480:UAR-3696
035 ## - SYSTEM CONTROL NUMBER
System control number (OCoLC)20384457
040 ## - CATALOGING SOURCE
Original cataloging agency Princeton Univ. Libr.
Transcribing agency WaU
Modifying agency WaU
-- DLC
042 ## - AUTHENTICATION CODE
Authentication code premarc
050 00 - LIBRARY OF CONGRESS CALL NUMBER
Classification number PJ7696.Z8
Item number Z77
100 1# - MAIN ENTRY--PERSONAL NAME
Personal name Khūrī, Alfrid.
245 10 - TITLE STATEMENT
Title Zuhayr ibn Abī Sulmá
Statement of responsibility, etc. [taʼlīf] Alfrid Khūrī.
250 ## - EDITION STATEMENT
Edition statement [al-Ṭabʻah al-ūlá]
260 ## - PUBLICATION, DISTRIBUTION, ETC.
Place of publication, distribution, etc. Bayrūt,
Name of publisher, distributor, etc. Dār al-Sharq al-Jadīd
Date of publication, distribution, etc. [1962.]
300 ## - PHYSICAL DESCRIPTION
Extent 144 p.
Dimensions 20 cm.
490 0# - SERIES STATEMENT
Series statement Aʻlām al-fikr al-ʻArabī,
Volume/sequential designation 21
504 ## - BIBLIOGRAPHY, ETC. NOTE
Bibliography, etc. note Bibliography: p. 140.
600 00 - SUBJECT ADDED ENTRY--PERSONAL NAME
Personal name Zuhayr ibn Abī Sulmá.

No items available.

Powered by Koha